| 000 | 00876cam a2200253 a 4500 | ||
|---|---|---|---|
| 001 | 000007782 | ||
| 005 | 20200929154310.0 | ||
| 008 | 940802s1993 ck b 001 0 spa | ||
| 020 | _a9586121577 | ||
| 040 |
_aDO-SdBNP _cDLC |
||
| 082 |
_aC864.44 _bA478a |
||
| 100 | 1 |
_aAlzate Cuervo, Gastón Adolfo, _d1959- _921488 |
|
| 245 | 1 | 3 |
_aUn aspecto desesperanzado de la literatura : _bSófocles, Hölderlin, Mutis / _cGaston Adolfo Alzate Cuervo. |
| 260 |
_aSantafé de Bogotá : _bColcultura, _c1993. |
||
| 300 |
_a101 p. ; _c21 cm. |
||
| 490 | 1 | _aPremios Nacionales '93 | |
| 500 | _a"Ensayo joven ex-aequo." | ||
| 586 | _a"Premio Nacional de Ensayo Joven 1993". | ||
| 504 | _aBibliografías p. 99-101. | ||
| 650 | 4 |
_aEnsayos colombianos _914811 |
|
| 650 | 4 |
_aLiteratura colombiana _91244 |
|
| 830 | 0 |
_aPremios Nacionales '93 _914740 |
|
| 910 | _aCatalogación por copia / LC | ||
| 999 |
_c7560 _d7560 |
||